Bairros de São Bernardo do Campo - Statistics

Estatísticas Gerais
  • Esse quiz foi jogado 83 vezes
  • A pontuação média é 13 de 72
Estatísticas das Respostas
Respostas % Correto
Centro
81%
Rudge Ramos
75%
Demarchi
66%
Ferrazópolis
63%
Assunção
61%
Riacho Grande
59%
Alvarenga
58%
Baeta Neves
56%
Montanhão
56%
Nova Petrópolis
54%
Paulicéia
51%
Taboão
49%
Planalto
46%
Anchieta
41%
Jordanópolis
41%
Dos Casa
37%
Batistini
36%
Alves Dias
34%
Independência
31%
Santa Terezinha
29%
Cooperativa
27%
Jardim do Mar
25%
Jardim Represa
20%
Parque dos Pássaros
20%
Vila Euclides
14%
Dos Finco
12%
Vila Gonçalves
12%
Rio Grande
10%
Tatetos
8%
Vila Euro
8%
Vila Vivaldi
8%
Nova Baeta
7%
Santa Cruz
7%
Vila Marlene
7%
Capivari
5%
Jardim Olavo Bilac
5%
Parque São Bernardo
5%
Balneária
3%
Jardim Farina
3%
Jardim Independência
3%
Parque Terra Nova
3%
Taquacetuba
3%
Vila Industrial
3%
Alto da Serra
2%
Alto Industrial
2%
Curucutu
2%
Jardim Brasília
2%
Jardim Industrial
2%
Jardim Jussara
2%
Jardim Maria Adelaide
2%
Parque Botujuru
2%
Parque Terra Nova II
2%
Varginha
2%
Vila das Valsas
2%
Vila Ferreira
2%
Zanzala
2%
Jardim Orlandina
0%
Jardim Petroni
0%
Jardim São Francisco
0%
Jardim São Luís
0%
Vila Balneária
0%
Vila Claraval
0%
Vila Cristiane
0%
Vila das Paineiras
0%
Vila Fênix
0%
Vila Júpiter Nova
0%
Vila Lusitânia
0%
Vila Mussoline
0%
Vila Scopel
0%
Vila Suzana
0%
Vila Tupi
0%
Vila Vianas
0%
Nenhum quiz correspondente encontrado
Distribuição das Pontuações
Porcentagem de Pessoas com Cada Pontuação
Percentil de Números Respondidos
Sua Pontuação Histórica
Você não jogou esse quiz